| 000 | 00602nam a2200205 i 4500 | ||
|---|---|---|---|
| 001 | 134014 | ||
| 003 | ES-MaACL | ||
| 005 | 20230906194559.0 | ||
| 007 | t| | ||
| 008 | 070904s1963 sp ||||1| cat d | ||
| 100 | 1 |
_aWest, Morris L. _9116550 |
|
| 245 | 1 | 2 |
_aL'advocat del diable _b: novella / _cMorris West ; [traducció Johanna Givanel]. |
| 260 |
_aBarcelona : _bMateu, _c1963. |
||
| 300 |
_a318 p. ; _c20 cm. |
||
| 490 | 1 | _aColleció Vernacle | |
| 700 | 1 |
_aGivanel, Johanna. _957379 |
|
| 830 | 0 |
_aColleció Vernacle _9186966 |
|
| 852 |
_aES-MaACL _jC-24914 _bR.53586 |
||
| 999 |
_c134014 _d134014 |
||